| 000 | 00513 a2200169 4500 | ||
|---|---|---|---|
| 003 | OSt | ||
| 005 | 20250528133843.0 | ||
| 008 | 250528b |||||||| |||| 00| 0 eng d | ||
| 020 | _a9789354895005 | ||
| 040 | _coclc | ||
| 082 |
_a923.254 _bCHA/A |
||
| 100 |
_aChandrasekhar, K M _910544 |
||
| 245 |
_aAs Good as My Word: A Memoir / _c K M Chandrasekhar, |
||
| 260 |
_aGurugram: _bHarperCollins Publishers, _c2022 |
||
| 300 | _a295 pages | ||
| 942 |
_2ddc _cBK _h923.254 _iCHA/A _k923.254 _mCHA/A |
||
| 999 |
_c44575 _d44575 |
||